000 00751nam a2200229Ia 4500
001 2999
003 GE_BSU
008 181216s||||||||xx |||||||||||||| ||und||
020 _a506000063Х
040 _cGE_BSU
080 _a541.18(075.8)
100 _aБаранов,В.И. Бибник,Е.Е. Кожевников,Н.М. Малов,В.А.
245 _aРасчеты и задачи по коллоидной химии.
245 _bУчебн. пособие.
245 _cПод. ред. В.И.Баряновой.
260 _aМ.
260 _bВысшая школа.
260 _c1989.
300 _a288 стр. 21 см. с илл.
653 _aРасчеты и задачи по коллоидной химии.
942 _cBK
999 _c37045
_d37045